000 01538cam a22004814i 4500
003 PE-LiUPU
005 20250731173456.0
008 150616s r 000 0 d
020 _a0281041008
035 _a(Sirsi) i9780281041008
040 _aPE-LiUPU
_bspa
_cPE-LiUPU
_erda
049 _aPRUA
082 0 4 _a233.11
_bA57
_221
100 1 _aAnderson, Bernhard W.,
_eautor.
245 1 0 _aCreation in The Old Testament.
264 1 _aPhiladelphia :
_bFortress Press,
_c1984.
300 _a178 páginas ;
_c21 centímetros
336 _atext
_2rdacontent
337 _aunmediated
_2rdamedia
338 _avolume
_2rdacarrier
490 0 _aIssues in religion and theology ;
_v6
505 0 _aEnseñanza bíblica de la creación Creación.
526 _aSEG42
526 _aSEG41
526 _aSEG40
526 _aSEG39
526 _aP94
526 _aP87
526 _aP86
526 _aP85
526 _aP77
526 _aP76
526 _aP35
630 _aBiblia.
_pA.T.
_PG énesis
_xComentarios.
650 0 4 _aCreación.
910 _ajck
_bjvq
_cjck
942 _2ddc
_cBOOK
949 _a233.11 A57
_wDEWEY
_c1
_i39983
_lCCODEBUL1
_mBUL
_r0
_sY
_tBOOK
_u2015-6-16
_xTEOLOGIA
_zUNKNOWN
_0COMPRA
_o.STAFF. Colección General
994 _aC0
_bPEPRU
596 _a1
999 _a233.11 A57
_wDEWEY
_c57760
_i39983
_f2021-11-10
_g4
_lCCODEBUL1
_mBUL
_r0
_sY
_tBOOK
_u2015-6-16
_xTEOLOGIA
_zUNKNOWN
_0COMPRA
_o.STAFF. Colección General
_d57760
980 _81
_gALBERTO SANCHEZ Responsable de Automatización